Ekonomska revija

Uložené v:
Podrobná bibliografia
Médium: Seriál
Jazyk:Slovak
Vydavateľské údaje: Ljubljana Zvez ekonomistov Slovenije 1986
Tagy: Pridať tag
Žiadne tagy, Buďte prvý, kto otaguje tento záznam!

MARC

LEADER 00000nas2a2200000 4500
001 s031571
005 20250730114142.1
041 0 |a slo 
044 |a YU 
245 1 0 |a Ekonomska revija 
264 1 |a Ljubljana  |b Zvez ekonomistov Slovenije  |c 1986 
300 |a 1 zv. 
773 0 |w eu_un_cat*s120668